[Event "8th Memorial Ekrem Galijatovic 2022"]
[Site "Sarajevo"]
[Date "2022.03.12"]
[Round "1"]
[White "Mrndjic, Muamer"]
[Black "Mrkovic, Nikola"]
[Result "1-0"]
[WhiteElo "2274"]
[BlackElo "1698"]
[Annotator "TA"]
[PlyCount "57"]
[EventDate "2022.03.13"]
[EventType "tourn"]
[EventCountry "BIH"]
[SourceTitle "playchess.com"]
[Source "ChessBase"]
[SourceQuality "1"]

{[%evp 11,57,18,19,18,39,44,48,23,24,28,68,58,45,38,47,45,72,18,67,25,122,144,179,187,179,133,127,109,103,108,109,102,97,100,111,115,114,103,127,94,105,102,149,98,139,85,93,76]} 1. d4 d5 2. c4 e6 3. Nf3 Nf6 4. Nc3 Nbd7 5. Bg5 Be7 6. e3 h6 7. Bf4 {D53: Queen's Gambit Declined: 4 Bg5 Be7: Early deviations.} a6 8. c5 O-O 9. h3 {White is slightly better.} c6 10. Bd3 Re8 {[%cal Oe7c5]} 11. O-O {[#] White is much more active. Black has bad knights.} Bxc5 $146 ({Predecessor:} 11... Nh5 12. Bh2 f5 13. Ne5 Nxe5 14. Bxe5 Nf6 15. b4 Rf8 16. Qe2 Bd7 17. Na4 Be8 {1-0 (40) Grol,Y (1779)-Demikhov,M (1947) Dagomys 2009}) 12. dxc5 {Strongly threatening Bd6.} e5 $1 {[#]} 13. Nxe5 Nxe5 14. Na4 (14. Bc2 $16) 14... Nfd7 (14... Nxd3 $11 {was preferrable.} 15. Qxd3 Be6) 15. Rc1 (15. Bc2 $14) 15... Qa5 (15... Nxd3 $11 16. Qxd3 a5) 16. Bb1 $16 b5 17. cxb6 $1 Nxb6 18. Nxb6 (18. Bxe5 $18 Rxe5 19. Nxb6 Qxb6 20. Qc2) 18... Qxb6 19. Qc2 {[#] aiming for Qh7+.} Ng6 20. Qxc6 Qxc6 21. Rxc6 Nxf4 22. exf4 a5 23. Bd3 a4 24. Rfc1 Rb8 25. R1c2 g6 26. g4 Re1+ (26... d4 $142) 27. Kh2 (27. Kg2 $142 Re8 28. f5) 27... Bd7 (27... Be6 $142) 28. Rc7 ({White should play} 28. Rd6 Bb5 29. Rxd5 Bxd3 30. Rxd3) 28... Bb5 29. Rc8+ {Weighted Error Value: White=0.19 (very precise) /Black=0.20 (precise)} 1-0

[Event "8th Memorial Ekrem Galijatovic 2022"]
[Site "Sarajevo"]
[Date "2022.03.12"]
[Round "1"]
[White "Trkulja, Goran"]
[Black "Alhdad, Ahmed O."]
[Result "1-0"]
[WhiteElo "2255"]
[BlackElo "1811"]
[Annotator "TA"]
[PlyCount "89"]
[EventDate "2022.03.13"]
[EventType "tourn"]
[EventCountry "BIH"]
[SourceTitle "playchess.com"]
[Source "ChessBase"]
[SourceQuality "1"]

{[%evp 9,89,9,93,98,174,177,187,188,215,228,228,222,293,304,316,309,307,310,303,292,274,300,292,292,261,217,213,223,223,208,244,243,241,227,356,365,347,283,408,362,478,500,536,522,517,510,564,541,506,319,939,898,1340,1333,1305,1294,1234,1201,1436,1385,29992,6128,29986,29987,29987,29988,29988,1685,5831,5722,5302,5285,29974,29975,29973,29967,29982,29984,29988,29989,29992,29990]} 1. e4 d6 2. d4 Nf6 3. Nc3 Nbd7 4. f3 e5 5. Nge2 {[#]} Nh5 $146 (5... c6 $11 {remains equal.}) ({Predecessor:} 5... Be7 6. Be3 c6 7. Ng3 O-O 8. Qd2 Re8 9. O-O-O b5 10. Nf5 Bf8 11. g4 b4 {1-0 (20) Andreikin,D (2724)-Pakleza,Z (2501) Chess.com INT 2021}) 6. Be3 $16 {B07: Pirc Defence: Miscellaneous Systems.} g5 (6... Be7 $16) 7. Qd2 $18 h6 8. O-O-O {White is clearly better.} Nb6 9. Ng3 Nxg3 10. hxg3 {[%cal Bh2g3,Bg3f4,Bf4f5][%mdl 32]} Bg7 11. dxe5 Bxe5 12. f4 gxf4 13. gxf4 Bg7 14. Bd4 f6 15. f5 {Inhibits Be6. aiming for Be2.} Bd7 16. Be2 {[%cal Bf1e2,Be2h5,Bh5f7,Bf7e6][%mdl 32] Threatens to win with Bh5+.} Bc6 17. Bh5+ Kd7 18. Bf7 {To avoid Nc4. And now Be6+ would win.} Kc8 19. Be3 Qf8 20. Be6+ Kb8 21. Rh4 h5 (21... Nd7 $142 22. Rdh1 b6) 22. Rdh1 Be8 23. Ne2 Bf7 (23... Nd7 $142 24. Ng3 Ne5 25. Nxh5 Bc6) 24. Nf4 Qe8 25. b3 Nd7 26. Bxf7 Qxf7 27. Rxh5 Re8 28. Ne6 {Black must now prevent Rh7.} Nf8 {To avoid Rh7} 29. Nxf8 Bxf8 (29... Qxf8 30. R1h4 b6) 30. Rh7 Qg8 31. Rh8 Qg4 32. R1h4 Qg3 33. Bf4 Qg7 34. R4h7 Qg4 {[#]} 35. Rf7 (35. Rxf8 $142 $1 {[%mdl 512]} Rxf8 36. Bxd6 $1 {[%mdl 512]} Qg5 37. Bxc7+ Kc8 38. Bf4 Qxf4 39. Qxf4 Rf7 40. Rxf7 Kd8 41. Qd6+ Ke8 42. Rf8#) 35... a6 36. Rfxf8 Rxf8 37. Rxf8+ Ka7 38. Qf2+ (38. Be3+ $142 b6 {[#]} 39. Bxb6+ $1 {[%mdl 512]} Kxb6 40. Qd4+ Kc6 41. Qd5+ Kb6 42. Qxa8 Qf4+ 43. Kb2) 38... b6 39. Rxa8+ Kxa8 40. Qf3 Qh4 41. e5+ {White mates.} Ka7 42. g3 Qh2 43. e6 Qg1+ 44. Kb2 c5 45. Qe3 {White took control after the opening.  Weighted Error Value: White=0.12 (very precise) /Black=0.86} 1-0

[Event "8th Memorial Ekrem Galijatovic 2022"]
[Site "Sarajevo"]
[Date "2022.03.12"]
[Round "1"]
[White "Kurtcehajic, Suad"]
[Black "Dizdarevic, Emir"]
[Result "0-1"]
[WhiteElo "1968"]
[BlackElo "2379"]
[Annotator "RC"]
[PlyCount "162"]
[EventDate "2022.03.13"]
[EventType "tourn"]
[EventCountry "BIH"]
[SourceTitle "playchess.com"]
[Source "ChessBase"]
[SourceQuality "1"]
[TimeControl "5400+30"]

1. e4 {[%emt 0:02:48]} g6 {[%emt 0:00:18]} 2. d4 {[%emt 0:00:16]} Bg7 {[%emt 0:00:07]} 3. Be3 {[%emt 0:00:29]} d5 {[%emt 0:12:58]} 4. exd5 {[%emt 0:02:55]} Qxd5 {[%emt 0:01:40]} 5. Nc3 {[%emt 0:02:12]} Qd8 {[%emt 0:09:05]} 6. Bc4 {[%emt 0:02:37]} Nh6 {[%emt 0:00:53]} 7. Bxh6 {[%emt 0:11:59]} Bxh6 {[%emt 0:00:10]} 8. Nf3 {[%emt 0:00:08]} O-O {[%emt 0:02:22]} 9. O-O {[%emt 0:01:49]} Bg7 {[%emt 0:06:29]} 10. Ne4 {[%emt 0:03:17]} Bg4 {[%emt 0:08:08]} 11. c3 {[%emt 0:01:10]} Nd7 {[%emt 0:04:47]} 12. h3 {[%emt 0:01:28]} Bxf3 {[%emt 0:01:28]} 13. Qxf3 {[%emt 0:00:10]} e6 {[%emt 0:02:09]} 14. Rfe1 {[%emt 0:01:41]} c6 {[%emt 0:02:47]} 15. a4 {[%emt 0:03:44]} a5 {[%emt 0:06:01]} 16. Qe2 {[%emt 0:01:29]} Nb6 {[%emt 0:07:46]} 17. Bb3 {[%emt 0:02:51]} Nc8 {[%emt 0:00:57]} 18. Nc5 {[%emt 0:01:30]} Nd6 {[%emt 0:01:27]} 19. Qf3 {[%emt 0:04:04]} b6 {[%emt 0:02:20]} 20. Nd3 {[%emt 0:01:27]} Qc7 {[%emt 0:08:59]} 21. Re2 {[%emt 0:03:30]} c5 {[%emt 0:02:29]} 22. Ne5 {[%emt 0:06:50]} cxd4 {[%emt 0:00:38]} 23. cxd4 {[%emt 0:00:13]} Nf5 {[%emt 0:00:10]} 24. Rd1 {[%emt 0:06:05]} Bxe5 {[%emt 0:07:11]} 25. dxe5 {[%emt 0:00:34]} Rad8 {[%emt 0:00:08]} 26. Ree1 {[%emt 0:04:51]} Rxd1 {[%emt 0:00:43]} 27. Qxd1 {[%emt 0:04:14]} Rd8 {[%emt 0:00:32]} 28. Qe2 {[%emt 0:03:03]} h5 {[%emt 0:03:31]} 29. Qc4 {[%emt 0:07:04]} Qe7 {[%emt 0:04:11]} 30. Rc1 {[%emt 0:01:40]} Qg5 {[%emt 0:00:44]} 31. Rd1 {[%emt 0:03:12]} Rxd1+ {[%emt 0:01:25]} 32. Bxd1 {[%emt 0:00:04]} Qd2 {[%emt 0:00:06]} 33. Qe2 {[%emt 0:03:47]} Qd4 {[%emt 0:00:08]} 34. b3 {[%emt 0:05:34]} Ne7 {[%emt 0:00:26]} 35. Bc2 {[%emt 0:01:58]} Nc6 {[%emt 0:00:22]} 36. Qc4 {[%emt 0:01:57]} Qxc4 {[%emt 0:00:57]} 37. bxc4 {[%emt 0:00:04]} Nxe5 {[%emt 0:00:09]} 38. Bb3 {[%emt 0:00:02]} Kf8 {[%emt 0:00:33]} 39. Kf1 {[%emt 0:00:24]} Ke7 {[%emt 0:00:28]} 40. Ke2 {[%emt 0:00:08]} Kd6 {[%emt 0:00:57]} 41. f4 {[%emt 0:00:32]} Nd7 {[%emt 0:00:58]} 42. g4 {[%emt 0:00:43]} hxg4 {[%emt 0:01:00]} 43. hxg4 {[%emt 0:00:09]} Kc5 {[%emt 0:01:00]} 44. Kd3 {[%emt 0:01:48]} f5 {[%emt 0:00:51]} 45. gxf5 {[%emt 0:00:41]} exf5 {[%emt 0:00:59]} 46. Bd1 {[%emt 0:00:11]} Nf6 {[%emt 0:00:24]} 47. Bf3 {[%emt 0:01:26]} Nh5 {[%emt 0:00:22]} 48. Ke3 {[%emt 0:00:31]} Kxc4 {[%emt 0:00:16]} 49. Bc6 {[%emt 0:00:04]} Nf6 {[%emt 0:00:14]} 50. Kf3 {[%emt 0:01:15]} Kc5 {[%emt 0:00:54]} 51. Bb5 {[%emt 0:00:23]} Kd6 {[%emt 0:00:23]} 52. Kg3 {[%emt 0:00:55]} Ke7 {[%emt 0:00:32]} 53. Kf3 {[%emt 0:00:32]} Ne4 {[%emt 0:00:28]} 54. Bc6 {[%emt 0:00:25]} g5 {[%emt 0:00:52]} 55. fxg5 {[%emt 0:00:42]} Nxg5+ {[%emt 0:00:07]} 56. Kf4 {[%emt 0:00:11]} Kf6 {[%emt 0:00:07]} 57. Bd7 {[%emt 0:00:53]} Ne6+ {[%emt 0:00:07]} 58. Kf3 {[%emt 0:00:29]} Ke5 {[%emt 0:00:04]} 59. Be8 {[%emt 0:00:32]} Nc7 {[%emt 0:00:54]} 60. Bc6 {[%emt 0:00:40]} Kd6 {[%emt 0:00:35]} 61. Bb7 {[%emt 0:00:24]} b5 {[%emt 0:01:51]} 62. axb5 {[%emt 0:00:06]} Nxb5 {[%emt 0:00:10]} 63. Ke3 {[%emt 0:01:50]} a4 {[%emt 0:00:34]} 64. Kd3 {[%emt 0:00:52]} Kc5 {[%emt 0:00:13]} 65. Bc8 {[%emt 0:01:29]} f4 {[%emt 0:01:14]} 66. Be6 {[%emt 0:01:38]} Nd4 {[%emt 0:00:57]} 67. Bd7 {[%emt 0:00:09]} a3 {[%emt 0:00:31]} 68. Kc3 {[%emt 0:00:09]} f3 {[%emt 0:00:15]} 69. Bg4 {[%emt 0:00:42]} f2 {[%emt 0:00:11]} 70. Bh3 {[%emt 0:00:29]} Kd5 {[%emt 0:00:23]} 71. Bf1 {[%emt 0:01:04]} Ke4 {[%emt 0:00:17]} 72. Bc4 {[%emt 0:00:39]} Kf3 {[%emt 0:00:44]} 73. Bf1 {[%emt 0:00:35]} Kg3 {[%emt 0:00:10]} 74. Bc4 {[%emt 0:00:32]} Kh2 {[%emt 0:00:43]} 75. Kxd4 {[%emt 0:00:25]} a2 {[%emt 0:00:14]} 76. Bxa2 {[%emt 0:00:11]} f1=Q {[%emt 0:00:06]} 77. Bc4 {[%emt 0:00:39]} Qf6+ {[%emt 0:00:41]} 78. Kd3 {[%emt 0:00:07]} Kg3 {[%emt 0:00:07]} 79. Kc2 {[%emt 0:00:30]} Kf3 {[%emt 0:00:17]} 80. Ba2 {[%emt 0:00:34]} Ke3 {[%emt 0:00:21]} 81. Kb1 {[%emt 0:00:15]} Kd2 {[%emt 0:00:24]} 0-1

[Event "8th Memorial Ekrem Galijatovic 2022"]
[Site "Sarajevo"]
[Date "2022.03.12"]
[Round "1"]
[White "Selimovic, Amir"]
[Black "Konjicanin, Muris"]
[Result "0-1"]
[WhiteElo "1943"]
[BlackElo "2166"]
[Annotator "ChessBase"]
[PlyCount "60"]
[EventDate "2022.03.13"]
[EventType "tourn"]
[EventCountry "BIH"]
[SourceTitle "playchess.com"]
[Source "ChessBase"]
[SourceQuality "1"]
[TimeControl "5400+30"]

1. e4 {[%emt 0:00:12]} e6 {[%emt 0:00:06]} 2. d4 {[%emt 0:00:06]} d5 {[%emt 0:00:01]} 3. Nc3 {[%emt 0:00:10]} Nf6 {[%emt 0:01:26]} 4. Bg5 {[%emt 0:01:27]} Bb4 {[%emt 0:01:20]} 5. e5 {[%emt 0:04:51]} h6 {[%emt 0:00:36]} 6. Bd2 {[%emt 0:00:55]} Bxc3 {[%emt 0:00:12]} 7. bxc3 {[%emt 0:02:09]} Ne4 {[%emt 0:00:34]} 8. Qg4 {[%emt 0:02:52]} Kf8 {[%emt 0:00:34]} 9. Bc1 {[%emt 0:04:02]} c5 {[%emt 0:00:44]} 10. Bd3 {[%emt 0:06:40]} Nxc3 {[%emt 0:02:51]} 11. Ba3 {[%emt 0:07:01]} Nd7 {[%emt 0:03:16]} 12. Qf4 {[%emt 0:25:01]} Kg8 {[%emt 0:02:00]} 13. dxc5 {[%emt 0:01:26]} Qg5 {[%emt 0:04:19]} 14. Qxg5 {[%emt 0:08:20]} hxg5 {[%emt 0:00:09]} 15. Ne2 {[%emt 0:08:42]} Nxe2 {[%emt 0:04:18]} 16. Bxe2 {[%emt 0:03:00]} Nxe5 {[%emt 0:00:13]} 17. O-O {[%emt 0:00:48]} Bd7 {[%emt 0:00:33]} 18. Rab1 {[%emt 0:00:39]} Bc6 {[%emt 0:00:17]} 19. Bc1 {[%emt 0:01:28]} f6 {[%emt 0:00:43]} 20. f4 {[%emt 0:00:22]} gxf4 {[%emt 0:00:17]} 21. Bxf4 {[%emt 0:00:08]} Nd7 {[%emt 0:04:26]} 22. Bd6 {[%emt 0:00:59]} Rc8 {[%emt 0:04:37]} 23. Rfe1 {[%emt 0:02:58]} Kf7 {[%emt 0:00:59]} 24. Bf3 {[%emt 0:00:48]} Rh4 {[%emt 0:02:45]} 25. g4 {[%emt 0:00:12]} e5 {[%emt 0:05:15]} 26. c4 {[%emt 0:01:37]} dxc4 {[%emt 0:00:26]} 27. Bxc6 {[%emt 0:00:58]} Rxc6 {[%emt 0:01:02]} 28. Rxb7 {[%emt 0:00:21]} Rxg4+ {[%emt 0:00:25]} 29. Kf2 {[%emt 0:00:38]} Ke6 {[%emt 0:00:19]} 30. Rxa7 {[%emt 0:02:14]} Nxc5 {[%emt 0:00:26]} 0-1

[Event "8th Memorial Ekrem Galijatovic 2022"]
[Site "Sarajevo"]
[Date "2022.03.12"]
[Round "1"]
[White "Haznadar, Nermin"]
[Black "Hadzovic, Amir"]
[Result "0-1"]
[WhiteElo "1881"]
[BlackElo "2290"]
[Annotator "TA"]
[PlyCount "86"]
[EventDate "2022.03.13"]
[EventType "tourn"]
[EventCountry "BIH"]
[SourceTitle "playchess.com"]
[Source "ChessBase"]
[SourceQuality "1"]

{[%evp 18,86,38,35,71,65,93,83,135,131,114,91,99,101,100,97,129,110,87,96,97,93,103,99,135,108,108,107,107,106,156,37,44,29,45,56,45,0,45,35,36,31,98,-17,-23,-38,0,-3,37,-54,-45,-220,-206,-293,-276,-388,-393,-374,-364,-518,-497,-29982,-29983,-29968,-733,-29990,-29985,-29983,-29984,-29995,-29996]} 1. d4 c6 2. c4 Nf6 3. Nc3 d5 4. cxd5 cxd5 5. Bf4 Nc6 6. e3 a6 7. Bd3 g6 8. h3 Bg7 9. Nf3 O-O 10. O-O Nh5 {D90: Grünfeld: 4 Nf3 Bg7 sidelines.} 11. Bh2 f5 12. Rc1 {[%cal Oc3d5] Strongly threatening Nxd5!} Kh8 {[#]} (12... e6 $142) 13. Qb3 $146 ({Predecessor:} 13. Ne2 g5 14. Ne5 Bxe5 15. Bxe5+ Nxe5 16. dxe5 Qb6 17. Nd4 Qh6 18. Rc7 g4 19. hxg4 fxg4 20. Rxe7 {1-0 (32) Osipov,A (2072)-Berdashkevich,S (1848) Taganrog 2013}) 13... e6 14. Ne2 g5 15. Ne5 Nxe5 16. Bxe5 Rf7 17. Qb4 Nf6 18. Rc2 Bf8 19. Qb3 Kg8 20. Rfc1 Ne8 21. Ng3 Bd7 22. Be2 {Black must now prevent Bh5.} ({Not} 22. Qxb7 Ba4 23. Rc7 Nxc7 24. Rxc7 Rxc7 25. Bxc7 Qc8 $17) 22... Bc6 23. Bh5 Rd7 {[#]} (23... Re7 $142) 24. Bxe8 (24. e4 $1 $16 {[%cal Re4f5]}) 24... Qxe8 $14 25. Nf1 (25. Rc3 {keeps more tension.} Qg6 26. Qd1 Bb4 27. R3c2 Bf8 28. Nh5) 25... Bg7 26. Bxg7 Rxg7 27. Rc5 (27. Qa3 $14) 27... Rd8 (27... Qg6 $11) 28. Qd1 h5 29. Nh2 h4 (29... g4 $14) 30. f3 (30. Nf3 $16) 30... e5 $11 31. Qd2 e4 32. Qf2 exf3 33. Qxf3 (33. Nxf3 $14 Qe4 34. Ne5) 33... Qe6 $1 $15 34. Nf1 $2 {Loses the game.} ({Better is} 34. Rf1 $15) 34... g4 $19 35. hxg4 (35. Qf4 $142) 35... fxg4 {[%cal Bf5g4,Bg4g3][%mdl 32]} 36. Qf2 (36. Qe2 $142 Rf8 37. e4) 36... g3 37. Qf4 Rg4 38. Qc7 (38. Qe5 $142 Qxe5 39. dxe5) 38... Rf8 {Threatens to win with ...Qf5.} 39. Rxc6 (39. Qe5 $19 Qg6 40. R5c2) 39... bxc6 40. Qxc6 Qf5 (40... Qf7 $142 41. Nd2 h3 42. Nf3 hxg2 43. Rc5 {[#]} Rg5 $3 {[%mdl 512]} 44. Qh6 Rh5 45. Qf4 Qg6 46. Rc6 Qb1+ 47. Kxg2 Qh1+ 48. Kxg3 Rh3+ 49. Kf2 Rxf4 50. Rc8+ Rf8 51. Rxf8+ Kxf8 52. Ne5 Qh2+ 53. Kf1 Qxb2 54. Nd7+ Ke7 55. Kg1 Rh2 56. Kf1 Rh1#) 41. Qxa6 Rg6 {Black mates.} 42. Qe2 h3 43. Re1 Qf2+ {Weighted Error Value: White=0.76/Black=0.37} 0-1

[Event "8th Memorial Ekrem Galijatovic 2022"]
[Site "Sarajevo"]
[Date "2022.03.12"]
[Round "2"]
[White "Dizdarevic, Emir"]
[Black "Trkulja, Goran"]
[Result "1/2-1/2"]
[WhiteElo "2379"]
[BlackElo "2255"]
[Annotator "TA"]
[PlyCount "41"]
[EventDate "2022.03.13"]
[EventType "tourn"]
[EventCountry "BIH"]
[SourceTitle "playchess.com"]
[Source "ChessBase"]
[SourceQuality "1"]

{[%evp 17,41,70,68,65,72,67,81,77,81,76,68,60,78,19,85,12,21,22,28,0,6,-31,-20,-20,-16,-24]} 1. c4 Nf6 2. Nc3 e5 3. Nf3 d6 4. d4 Nbd7 5. Bg5 Be7 6. e3 O-O 7. Be2 c6 8. O-O Qc7 9. Qc2 Re8 10. Rfd1 {White is more active. A54: Old Indian Defence with Nf3, but without e4.} Bf8 {[#]} 11. Bh4 $146 ({Predecessor:} 11. Rac1 a6 12. b4 b6 13. a4 Bb7 14. Qa2 Rac8 15. Bh4 Qb8 16. a5 b5 17. c5 e4 {1-0 (61) Ozen,B (2369)-Hoffmann,A (2185) Chess.com INT 2022}) 11... g6 12. h3 {White is better.} exd4 13. Nxd4 Bg7 14. Bg3 Nc5 15. Bh2 ({White should try} 15. Bf3 $16) 15... a5 {[#]} (15... Nfe4 $11) 16. Na4 (16. Nb3 $1 $16 {[%cal Rb3c5]} Nce4 17. c5) 16... Nfe4 17. Nxc5 Nxc5 18. Rac1 Be5 19. Bxe5 dxe5 20. Nf3 Bf5 21. Qc3 {Weighted Error Value: White=0.29 (precise) /Black=0.14 (very precise)} 1/2-1/2

[Event "8th Memorial Ekrem Galijatovic 2022"]
[Site "Sarajevo"]
[Date "2022.03.12"]
[Round "2"]
[White "Hadzovic, Amir"]
[Black "Selimovic, Amir"]
[Result "1-0"]
[WhiteElo "2290"]
[BlackElo "1943"]
[Annotator "TA"]
[PlyCount "59"]
[EventDate "2022.03.13"]
[EventType "tourn"]
[EventCountry "BIH"]
[SourceTitle "playchess.com"]
[Source "ChessBase"]
[SourceQuality "1"]

{[%evp 13,59,0,16,16,95,79,106,23,10,8,48,45,45,52,58,51,34,30,33,0,0,-25,-20,-12,-14,-20,-29,-19,13,19,19,-98,79,-17,93,96,91,98,139,106,315,314,310,295,449,452,753,737]} 1. e4 e6 2. d3 d5 3. Nd2 c5 4. Ngf3 Nc6 5. g3 g6 6. Bg2 Bg7 7. O-O Nf6 8. exd5 {A08: King's Indian Attack.} exd5 (8... Nxd5 $11 9. Nb3 b6) 9. Re1+ $16 Ne7 10. Nb3 (10. Qe2 $16) 10... b6 $11 11. Qe2 {With the idea d4.} h6 {[#]} 12. d4 $146 ({Predecessor:} 12. Ne5 O-O 13. Qf3 Kh7 14. h3 Nf5 15. Bd2 Bb7 16. c3 a5 17. a4 Rc8 18. Re2 {0-1 (47) Molnar,J (2193)-Paal,A (1933) Hungary 2013}) 12... c4 13. Nbd2 {[%cal Od2c4]} Be6 14. Ne5 {[%cal Rd2c4]} Rc8 $1 15. b3 {Ba3 is the strong threat.} O-O 16. bxc4 (16. Nxf7 {feels hotter.} Bxf7 17. Qxe7 cxb3 18. cxb3 Ng4 19. Qxd8 Rfxd8 20. Nf3) 16... dxc4 17. Ba3 {[%cal Oe5f7]} Re8 $1 18. Bxe7 (18. Nexc4 Nf5 19. Qd3 b5 $17) 18... Qxe7 19. c3 Qa3 20. Bc6 {[%cal Bg2c6,Bc6b5,Bb5c4,Bc4b3][%mdl 32]} Red8 21. Qf3 Nd5 22. Rac1 (22. Ndxc4 $11 Qxc3 23. Bxd5 Qxf3 24. Bxf3) 22... Qa6 $2 {[#]} ({Reject} 22... Qxa2 $6 23. Ndxc4 Qb3 24. Nd2 $11) (22... Bxe5 $17 23. Nxc4 Qxc1 $1 24. Rxc1 Bxd4 25. Bxd5 (25. cxd4 $2 Rxc6 26. Qb3 Rdc8 $19) 25... Bxd5) 23. a4 {White is more active.} (23. Ndxc4 $2 b5 24. Bd7 (24. Bxd5 $2 Bxd5 25. Qd3 Bxc4 $19) 24... bxc4 $17) (23. Bd7 $1 $16 {[%cal Rd7e6] aiming for Bxe6.} Rxd7 24. Nxd7) 23... Bxe5 (23... Rc7 $1 $11 {remains equal.}) 24. Bb5 $36 {[%mdl 2048] Black is under strong pressure.} Qb7 {White must now prevent ...Bg7.} 25. Rxe5 a6 (25... Kg7 $142) 26. Bxc4 {Threatens to win with Rce1.} b5 $2 {Loses the game.} (26... Kg7 $16 {was called for.} 27. Ree1 h5) 27. axb5 $18 axb5 28. Bb3 Rd7 (28... Kg7 {was necessary.} 29. Ne4 Qc6) 29. Ne4 Nxc3 (29... Kg7 $142 30. Nc5 Rxc5) 30. Rxc3 {Weighted Error Value: White=0.27 (precise) /Black=0.48} 1-0

[Event "8th Memorial Ekrem Galijatovic 2022"]
[Site "Sarajevo"]
[Date "2022.03.12"]
[Round "2"]
[White "Mrndjic, Muamer"]
[Black "Kurtcehajic, Suad"]
[Result "1-0"]
[WhiteElo "2274"]
[BlackElo "1968"]
[Annotator "TA"]
[PlyCount "75"]
[EventDate "2022.03.13"]
[EventType "tourn"]
[EventCountry "BIH"]
[SourceTitle "playchess.com"]
[Source "ChessBase"]
[SourceQuality "1"]

{[%evp 20,75,46,21,50,25,92,91,135,122,187,60,68,57,200,203,257,255,213,82,93,98,97,92,221,221,225,208,208,198,321,318,308,282,368,348,699,702,950,929,939,912,954,954,884,728,940,910,835,799,2921,2189,5735,5710,29958,6620,29985,29977]} 1. d4 d5 2. c4 e6 3. Nc3 Nf6 4. Nf3 c6 5. e3 Nbd7 6. Bd3 Be7 7. O-O O-O 8. b3 b6 9. Bb2 Bb7 10. Qe2 c5 11. Rfd1 (11. cxd5 {is interesting.} exd5 12. Ne5 a6 13. Rac1 Re8 14. Na4) 11... Qb8 {D46: Semi-Slav: 5 e3 Nbd7 6 Bd3, Black avoids the Meran.} (11... cxd4 {feels hotter.} 12. exd4 Rc8 13. Rac1 Nh5 14. Qe3 Re8) 12. Ne5 {[#]} Nxe5 $146 (12... dxc4 $11 13. bxc4 (13. Nxc4 cxd4 14. exd4 Qf4 $11) 13... Rd8) ({Predecessor:} 12... Rd8 13. f4 Nf8 14. Ba3 dxc4 15. bxc4 Qc8 16. Rac1 Ng6 17. Bb1 Bf8 18. Bxg6 hxg6 19. Bb2 {½-½ (41) Degtiarev,E (2272)-Neidig,S (2241) Germany 2004}) 13. dxe5 $16 Nd7 (13... Ne8 $142) 14. f4 {And now cxd5 would win.} (14. Qh5 $6 g6 15. Qh3 Nxe5 $11) 14... Rd8 (14... d4 $16) 15. Rd2 ({Don't take} 15. Qh5 $6 g6 16. Qh6 dxc4 17. bxc4 (17. Bxc4 a6 $14) 17... a6 $14) (15. cxd5 $18 {Strongly threatening e4.} exd5 16. Qg4 (16. Qh5 g6 $16)) 15... dxc4 $1 $14 16. bxc4 f6 ({Better is} 16... Bc6 $14) 17. Rad1 $18 {[%cal Od3h7] Black must now prevent Bxh7+!} Nf8 18. Ne4 f5 {[#]} 19. Nd6 (19. Nf6+ $1 $18 {[%mdl 512] and the rest is easy.} Bxf6 20. exf6) 19... Bxd6 $16 20. exd6 Qxd6 (20... Rxd6 $2 21. Be5 $18) 21. Be4 {This bishop pair is nice.} Qe7 (21... Qxd2 $16 {might work better.} 22. Rxd2 Bxe4) 22. Rxd8 $18 Bxe4 23. Rxa8 Bxa8 24. Qd3 Qb7 (24... Bc6 {keeps fighting.} 25. Qd6 Qxd6 26. Rxd6 Ba4) 25. Rd2 {Active counter play!} h6 26. Qd6 Qf7 27. Qb8 Be4 (27... Qb7 28. Be5 Qxb8 29. Bxb8 Bc6 30. Bxa7 Nd7) 28. Rd8 Bb7 {[#]} 29. Rxf8+ $1 {[%mdl 512]} Qxf8 30. Qxb7 Qf7 31. Qxf7+ Kxf7 {[%mdl 4096] Endgame KB-KP} 32. Be5 a6 33. a4 {[%cal Ba2a4,Ba4b5,Bb5b6][%mdl 32]} Ke7 34. Bc7 b5 35. cxb5 axb5 36. axb5 {Intending Be5 and mate.} c4 37. Be5 {Threatening mate with b6.} g5 38. b6 {Weighted Error Value: White=0.24 (precise) /Black=1.24} 1-0

[Event "8th Memorial Ekrem Galijatovic 2022"]
[Site "Sarajevo"]
[Date "2022.03.12"]
[Round "2"]
[White "Alhdad, Ahmed O."]
[Black "Haznadar, Nermin"]
[Result "1-0"]
[WhiteElo "1811"]
[BlackElo "1881"]
[Annotator "NA"]
[PlyCount "63"]
[EventDate "2022.03.13"]
[EventType "tourn"]
[EventCountry "BIH"]
[SourceTitle "playchess.com"]
[Source "ChessBase"]
[SourceQuality "1"]
[TimeControl "5400+30"]

1. d4 {[%emt 0:00:03]} d5 {[%emt 0:00:28]} 2. c4 {[%emt 0:00:20]} c6 {[%emt 0:00:38]} 3. g3 {[%emt 0:01:41]} Nf6 {[%emt 0:01:23]} 4. Nc3 {[%emt 0:00:23]} e6 {[%emt 0:02:25]} 5. Bg2 {[%emt 0:00:09]} Nbd7 {[%emt 0:01:26]} 6. Qc2 {[%emt 0:01:23]} Bd6 {[%emt 0:01:04]} 7. f4 {[%emt 0:01:28]} O-O {[%emt 0:03:18]} 8. c5 {[%emt 0:00:42]} Be7 {[%emt 0:02:27]} 9. Nf3 {[%emt 0:00:27]} b6 {[%emt 0:01:10]} 10. Ne5 {[%emt 0:05:13]} Bb7 {[%emt 0:04:13]} 11. b4 {[%emt 0:03:41]} a5 {[%emt 0:02:54]} 12. b5 {[%emt 0:00:32]} Nxe5 {[%emt 0:00:28]} 13. fxe5 {[%emt 0:06:34]} Nd7 {[%emt 0:00:18]} 14. bxc6 {[%emt 0:07:01]} Bxc6 {[%emt 0:00:23]} 15. cxb6 {[%emt 0:04:16]} Nxb6 {[%emt 0:01:05]} 16. O-O {[%emt 0:01:45]} Rc8 {[%emt 0:01:40]} 17. Qd3 {[%emt 0:01:08]} a4 {[%emt 0:14:01]} 18. Nd1 {[%emt 0:05:49]} Qd7 {[%emt 0:01:40]} 19. Rb1 {[%emt 0:06:29]} Nc4 {[%emt 0:00:41]} 20. Nf2 {[%emt 0:00:40]} Bb5 {[%emt 0:03:22]} 21. Qf3 {[%emt 0:00:47]} Nb6 {[%emt 0:02:03]} 22. Qh5 {[%emt 0:09:28]} f5 {[%emt 0:06:25]} 23. Nh3 {[%emt 0:01:00]} Rc2 {[%emt 0:01:21]} 24. Nf4 {[%emt 0:01:25]} Nc4 {[%emt 0:01:42]} 25. Nxe6 {[%emt 0:00:43]} Qxe6 {[%emt 0:00:39]} 26. Rxb5 {[%emt 0:00:06]} g6 {[%emt 0:00:37]} 27. Qh6 {[%emt 0:02:05]} Rd8 {[%emt 0:00:33]} 28. Bg5 {[%emt 0:00:44]} Bxg5 {[%emt 0:05:22]} 29. Qxg5 {[%emt 0:00:13]} Rd7 {[%emt 0:00:14]} 30. Rfb1 {[%emt 0:02:02]} Rxe2 {[%emt 0:03:09]} 31. Qh6 {[%emt 0:05:29]} Nd6 {[%emt 0:02:47]} 32. Bxd5 {[%emt 0:00:35]} 1-0